Continuum ars et vita : Vincent Hložník, Ľubo Zelina, Zuzana Hložníková
Gespeichert in:
| 1. Verfasser: | |
|---|---|
| Weitere Verfasser: | |
| Format: | Buch |
| Sprache: | Slowakisch Spanisch |
| Veröffentlicht: |
Bratislava
FO ART
2007
|
| Ausgabe: | 1. vyd. |
| Schlagworte: | |
| Tags: |
Keine Tags, Fügen Sie das erste Tag hinzu!
|
MARC
| LEADER | 00000nam a2200000 4500 | ||
|---|---|---|---|
| 001 | 0212055 | ||
| 005 | 20240502073533.5 | ||
| 020 | |a 978-80-88973-28-7 | ||
| 041 | 0 | |a slo | |
| 041 | 0 | |a spa | |
| 044 | |a SK | ||
| 245 | 1 | 0 | |a Continuum ars et vita : Vincent Hložník, Ľubo Zelina, Zuzana Hložníková |c Mária Horváthová ; preklad/traducción: Mónica Sánchez Presa |
| 250 | |a 1. vyd. | ||
| 264 | 1 | |a Bratislava |b FO ART |c 2007 | |
| 300 | |a 145 s. [1,5 AH] | ||
| 610 | 2 | 0 | |a umenie |
| 610 | 2 | 0 | |a preklady |
| 100 | 1 | |a Horváthová, Mária | |
| 700 | 1 | |a Sánchez Presa, Mónica | |